000 00403nam a2200157Ia 4500
008 230718s9999 xx 000 0 und d
041 _aeng
082 _bFEN
100 _aFensterheim
_9136648
245 _aDont Say Yes When You Want To Say No
260 _c1978
_bDell Book
300 _a304
365 _cRs.
_b250.00
700 _aFensterheim
_9136648
906 _dB:214918-Oct-2001
_cARCHIT
_b37.5
999 _c302406
_d302406